000 00958nam a2200301 i 4500
003 DO-SdBNP
005 20250807133241.0
007 ta
008 230918b2023 dr ||||| |||| 00| 0 spa d
020 _a9789945183788
040 _aDO-SdBNP
_bspa
_cBNPHU
_erda
041 _aspa
082 4 _aRD861.5
_bE91c
_222
100 _aPol , Noris Eusebio,
_eautor
_4aut.
_977718
245 1 0 _aCanto ligero /
_cNoris Eusebio-Pol.
250 _aPrimera edición
264 4 _aSanto Domingo :
_bEditora Búho,
_c©2023.
300 _a103 páginas :
_bilustraciones ;
_c22 cm.
336 _atexto
_btxt
_2rdacontent
337 _asin mediación
_bn
_2rdamedia
338 _avolumen
_bnc
_2rdacarrier
500 _aIncluye referencias bibliográficas y notas al pie de las páginas
590 _aInventariado, 2023/BT
650 4 _aPoesía dominicana
650 4 _aLiteratura dominicana
910 _aBtavárez/Validado. Control de calidad MFF
942 _2ddc
_cLBS1
999 _c54790
_d54790